Statistics for Naruto quiz (medium)

Click here to take the quiz!

General Stats

  • This quiz has been taken 98 times
  • The average score is 11 of 15

Answer Stats

HintAnswer% Correct
Who is known as the demon of the hidden mistZabuza
96%
Killer of asuma sarutobiHidan
95%
The yellow flash of konohaMinato
93%
One tails nameShukaku
87%
What is the surname of KarinUzumaki
87%
Medical ninja under tsunade also a joninShizune
84%
Itachi's best friendShisui
83%
Father of ino yamanakaInoichi
78%
White fang of konohaSakumo
76%
Sasuke's fatherFugaku
74%
Those who have tailed beasts in themJinchuriki
72%
Who was madara uchiha's brotherIzuna
71%
What was the summoning animal of orochimaruManda
67%
The ramen guyTeuchi
44%
Tsukoyomi is a variant ofMangekyo sharingan
22%

Score Distribution

Percentile by Number Answered

Percent of People with Each Score

Your Score History

You have not taken this quiz